Octavio Paz : poeta y pensador universal /
Emisión del programa Nexos TV del 21 de mayo de 1998, centrado en la figura, obra creativa y pensamiento del escritor mexicano Octavio Paz (1914-1998). Los escritores Héctor Aguilar Camín, director general de la sociedad Nexos, y José María Pérez Gay, director del Canal 22 de televisión, son los par...
Shranjeno v:
| Glavni avtor: | |
|---|---|
| Drugi avtorji: | , , , , |
| Format: | |
| Jezik: | španščina |
| Izdano: |
México :
Televisión Azteca,
1998, c1998
|
| Serija: | (Nexos TV ;
479) |
| Teme: | |
| Oznake: |
Brez oznak, prvi označite!
|
MARC
| LEADER | 00000ngm^a2200000^a^4500 | ||
|---|---|---|---|
| 001 | 000275770 | ||
| 005 | 20250521000000.0 | ||
| 009 | 20260526134309.066 | ||
| 037 | |a Acervo ITESO - Biblioteca | ||
| 041 | |a ESP | ||
| 082 | |a 320. 972 |b NEX V. 479 | ||
| 100 | |a Cordera Campos, Rolando |e (dir. general) | ||
| 240 | 1 | 1 | |a [Nexos TV] |
| 245 | 1 | 0 | |a Octavio Paz : |b poeta y pensador universal / |c Dir. general de R. Cordera Campos. |
| 264 | 4 | |a México : |b Televisión Azteca, |c 1998, c1998 | |
| 300 | |a 1 videocasete VHS |c (52 min.) | ||
| 336 | |a imagen móvil bidimensional |b tdi |2 rdacontenido | ||
| 337 | |a video |b v |2 rdamedio | ||
| 338 | |a videocasete |b vf |2 rdasoporte | ||
| 440 | 1 | |a (Nexos TV ; |v 479) | |
| 520 | |a Emisión del programa Nexos TV del 21 de mayo de 1998, centrado en la figura, obra creativa y pensamiento del escritor mexicano Octavio Paz (1914-1998). Los escritores Héctor Aguilar Camín, director general de la sociedad Nexos, y José María Pérez Gay, director del Canal 22 de televisión, son los participantes en este diálogo sobre el Premio Nobel de Literatura 1990. Ricardo Solís conversa sobre el Fondo Bancario de Protección al Ahorro (FOBAPROA) en la sección El momento económico y Jorge Javier Romero Vadillo acerca de cambios en el gabinete presidencial y las elecciones internas universales del Partido Revolucionario Institucional (PRI) en varias entidades del país. | ||
| 649 | |a XX | ||
| 650 | |a Escritores Mexicanos | ||
| 650 | |a Programas de Opinión y Debate | ||
| 650 | |a Debates y el Arte de Discutir | ||
| 650 | |a Poesía Mexicana - |x Historia y Crítica | ||
| 650 | |a Literatura Mexicana - |x Historia y Crítica | ||
| 650 | |a Literatura Mexicana - |y Siglo XX | ||
| 650 | |a Cartera Vencida - |z México - |x Historia - |y 1994-2000 | ||
| 650 | |a Cartera Vencida - |z México - |x Historia - |y Siglo XX | ||
| 650 | |a Crédito - |z México - |x Historia - |y 1994-2000 | ||
| 650 | |a Crédito - |z México - |x Historia - |y Siglo XX | ||
| 650 | |a Bancos y Operaciones Bancarias - |z México - |x Historia - |y 1994-2000 - |x Tema Principal | ||
| 650 | |a Bancos y Operaciones Bancarias - |z México - |x Historia - |y Siglo XX | ||
| 650 | |a Sistema Financiero - |z México - |x Historia - |y 1994-2000 | ||
| 650 | |a Sistema Financiero - |z México - |x Historia - |y Siglo XX | ||
| 650 | |a Política Financiera - |z México - |x Historia - |y 1994-2000 | ||
| 650 | |a Política Financiera - |z México - |x Historia - |y Siglo XX | ||
| 650 | |a Política Económica - |z México - |x Historia - |y 1994-2000 | ||
| 650 | |a Política Económica - |z México - |x Historia - |y Siglo XX | ||
| 650 | |a Finanzas Públicas - |z México - |x Historia - |y 1994-2000 | ||
| 650 | |a Finanzas Públicas - |z México - |x Historia - |y Siglo XX | ||
| 650 | |a México - |x Condiciones Económicas | ||
| 650 | |a Economía - |z México - |x Historia - |y 1994-2000 | ||
| 650 | |a Economía - |z México - |x Historia - |y Siglo XX | ||
| 650 | |a Partido Revolucionario Institucional - |z México | ||
| 650 | |a Partidos Políticos - |z México | ||
| 650 | |a Elecciones - |z México | ||
| 650 | |a Ministerios de Estado - |z México | ||
| 650 | |a Gabinete Presidencial - |z México | ||
| 650 | |a México - |x Condiciones Políticas | ||
| 650 | |a Política - |z México - |x Historia - |y 1994-2000 | ||
| 650 | |a Política - |z México - |x Historia - |y Siglo XX | ||
| 650 | |a Paz, Octavio - |x Tema Principal | ||
| 700 | |a Sánchez Rebolledo, Adolfo |e (coordinación) | ||
| 700 | |a Gutiérrez, Marcela |e (producción) | ||
| 700 | |a Aguilar Camín, Héctor |e (asesoría) | ||
| 700 | |a Aguilar Camín, Héctor |e (conferencia) | ||
| 700 | |a Pérez Gay, José María |e (conferencia) | ||
| 910 | |a Fondo General | ||
| 920 | |a Audiovisuales - Videocasetes | ||
| 905 | |a 301 | ||
| 901 | |a 0500049250 |b IT2 |c VIS |u 20250521 | ||
| 902 | |a https://opac.biblio.iteso.mx/vufind/Record/000275770 | ||